Central Library OPAC University of Rajshahi
Normal view MARC view

Entry Topical Term

Number of records used in: 3

001 - CONTROL NUMBER

  • control field: 12614

003 - CONTROL NUMBER IDENTIFIER

  • control field: BD-RjUL

005 - DATE AND TIME OF LATEST TRANSACTION

  • control field: 20240417173832.0

008 - FIXED-LENGTH DATA ELEMENTS

  • fixed length control field: 240417|| aca||aabn | a|a d

040 ## - CATALOGING SOURCE

  • Original cataloging agency: BD-RjUL
  • Transcribing agency: BD-RjUL

150 ## - HEADING--TOPICAL TERM

  • Topical term or geographic name entry element: Control
  • Form subdivision: Other social problems and services

670 ## - SOURCE DATA FOUND

  • Source citation: Work cat.: (BD-RjUL)83530: Hossain, Md. Aktar 12613, Environmental impact Assessment of the flood control measures in the chalan beel - A comparative study between kalam and Dahia Union / , 2008